000 00636nam a2200229 a 4500
001 5446
003 CO-ViMGA
008 141112s2004 ck r 000 u spa d
040 _aCO-ViMGA
_bspa
_cCO-ViMGA
082 0 4 _a155.2 I543h 5o.ed
100 1 _aIngenieros, Jose
_95158
245 1 0 _aEL hombre mediocre
250 _a5a
260 _aSantafé de Bogotá ; PanAméricana,
_c1996
300 _a243 p
590 _aForma de adquisición : proyecto 2005 - - Precio :
_ 14.400
650 1 4 _aCARACTER
_95159
650 1 4 _aMEDIOCRIDAD
_95160
650 1 4 _aPERSONALIDAD
_95161
650 1 4 _aVALORES(FILOSOFIA)
_93741
942 _2ddc
_cBK
999 _c17433
_d17433